Código civil / (Record no. 169546)

MARC details
000 -LEADER
campo de control de longitud fija 01078nam a2200289 i 4500
001 - NÚMERO DE CONTROL
campo de control 169546
003 - IDENTIFICADOR DE NÚMERO DE CONTROL
campo de control ES-MaACL
005 - FECHA Y HORA DE LA ÚLTIMA TRANSACCIÓN
campo de control 20250827062636.0
008 - DATOS DE LONGITUD FIJA--INFORMACIÓN GENERAL
campo de control de longitud fija 081010s2008 sp |||| | spa d
020 ## - NÚMERO INTERNACIONAL ESTÁNDAR DEL LIBRO
Número Internacional Estándar del Libro 978-84-309-4734-8
080 ## - NÚMERO DE LA CLASIFICACIÓN DECIMAL UNIVERSAL
Número de la Clasificación Decimal Universal 347(460)"1889"(094.4)
110 1# - ENTRADA PRINCIPAL--NOMBRE DE ENTIDAD CORPORATIVA
Nombre de entidad corporativa o nombre de jurisdicción como elemento de entrada España
9 (RLIN) 3622
240 10 - TÍTULO UNIFORME
Título uniforme Código civil, 1889
245 10 - MENCIÓN DEL TÍTULO
Título Código civil /
Mención de responsabilidad, etc. edición preparada por José Carlos Erdozain López ; bajo la dirección de Rodrigo Bercovitz Rodríguez-Cano.
250 ## - MENCION DE EDICION
Mención de edición 27ª ed.
260 ## - PUBLICACIÓN, DISTRIBUCIÓN, ETC.
Lugar de publicación, distribución, etc. Madrid :
Nombre del editor, distribuidor, etc. Tecnos,
Fecha de publicación, distribución, etc. 2008.
300 ## - DESCRIPCIÓN FÍSICA
Extensión 889 p. ;
Dimensiones 17 cm.
490 1# - MENCIÓN DE SERIE
Mención de serie Biblioteca de textos legales ;
Designación de volumen o secuencia 1
500 ## - NOTA GENERAL
Nota general En cub.: Edición actualizada, septiembre de 2008.
650 04 - PUNTO DE ACCESO ADICIONAL DE MATERIA--TÉRMINO DE MATERIA
Término de materia o nombre geográfico como elemento de entrada Derecho civil-
Subdivisión geográfica España-
Subdivisión de forma Legislación
9 (RLIN) 11663
700 1# - ENTRADA AGREGADA--NOMBRE PERSONAL
Nombre de persona Erdozain López, José Carlos.
9 (RLIN) 47376
700 1# - ENTRADA AGREGADA--NOMBRE PERSONAL
Nombre de persona Bercovitz Rodríguez-Cano, Rodrigo.
9 (RLIN) 27857
830 1# - PUNTO DE ACCESO ADICIONAL DE SERIE-TÍTULO UNIFORME
Título uniforme Biblioteca de textos legales ;
Designación de volumen o secuencia 1
9 (RLIN) 177271
852 4# - LOCALIZACIÓN
Ubicación ES-MaACL
Número de control de estantería A-15264
itemnumber 176200
Sublocalización o colección R.143969
Ubicación en estantería Depósito 1
Signatura antigua Olim: L 347(460)"1889"ESP
-- Olim: Meseton
942 ## - ELEMENTOS DE ENTRADA SECUNDARIOS (KOHA)
Fuente del sistema de clasificación o colocación Clasificación decimal universal
Holdings
Estatus retirado Estado de pérdida Fuente del sistema de clasificación o colocación Estado de daño No para préstamo Biblioteca de origen Biblioteca actual Ubicación en estantería Fecha de adquisición Fuente de adquisición Total de préstamos Signatura topográfica completa Código de barras Visto por última vez Precio de reemplazo Tipo de ítem Koha
    Clasificación decimal universal     Biblioteca del Ateneo de Madrid Biblioteca del Ateneo de Madrid Depósito 1 10/10/2008 Compra   A-15264 1177995 23/02/2023 23/02/2023 Libro impreso